000 00752nam a22002417a 4500
003 UA-OsUOA
001 71244
007 ta
008 20101011b un ||||| |||| 00| 0 ukr d
100 _aМазур Т. В.
090 _a347.73
_bМ13
942 _cBK
040 _aUA-OsUOA
_bukr
_cUA-OsUOA
_dUA-OsUOA
245 _aСистема гарантування вкладів фізичних осіб у банках
_bСучасний стан і перспективи розвитку. монографія
300 _a198 с.
955 _a2
041 _aukr
080 _a347.73
020 _a978-966-439-318-5
260 _aК.
_c2010
650 7 _a347 Цивільне право. Судовий устрій
_2UDC
999 _c357507
_d357507